LDR 00730naa#a2200181#i#450# 001 EN\\bibl\126942 005 20260703023239.5 011 ## _a2227-1171 100 ## _a20260630b2026####ek#y0engy0150####ca 102 ## _aRU 200 1# _aLIMITS OF EXCLUSIVITY OF DETENTION: A BALANCE BETWEEN HUMANIZATION AND FAIRNESS IN CRIMINAL PROCEEDINGS _eJournal article 210 1# _aKazan _cKazan law institute Ministry of Internal Affairs Russian Federation _d2026 215 ## _a5 с. 608 ## _aJournal article _2local 675 ## _aУголовное судопроизводство. Уголовно-процессуальное право. 343.1 _z 700 #1 _aTerehov _gAleksey Yur'evich 700 #1 _aMalamagamedova _gAida Ruslanovna 856 4# _avestnikkui.ru _u